| 000 | 00615nam a2200217 a 4500 | ||
|---|---|---|---|
| 003 | BD-JhCC | ||
| 005 | 20230429084256.0 | ||
| 008 | 230429b1999 bg a|||| ||a| 001 0 eng d | ||
| 020 | _a900901386 | ||
| 035 | _a(BD-JhCC) | ||
| 040 |
_aBD-JhCC _dBD-JhCC |
||
| 041 | _aEnglish | ||
| 082 |
_a954.92046 _bDIX 1999 |
||
| 100 | _aDixit,J.N | ||
| 245 |
_aLiberation and beyond : _b Indo-Bangladesh relations / _cJ.N. Dixit |
||
| 260 |
_aDhaka : _bThe University Press Limited ; _c1999. |
||
| 300 |
_a317 p. : _bill; _c22 cm. |
||
| 650 |
_aIndia _xBangladesh _zDiplomatic relations |
||
| 942 |
_2ddc _cBK |
||
| 999 |
_c12682 _d12682 |
||